MARC

Tag First Indicator Second Indicator Subfields
LEADER 00000cas a2200000 a 4500
001 in00002125607
005 20151103063535.0
006 m d
007 cr cn|||||||||
008 010802d19861996enkbr poo 0 0eng c
010 |a  2010263125 
022 |y 0268-6961 
029 1 |a OCLCS  |b 29582 
029 1 |a OCLCS  |b OP-7272 
029 1 |a AU@  |b 000022773599 
029 1 |a NZ1  |b 12443561 
035 |a (OCoLC)ocm47700275 
035 |a (OCoLC)47700275 
040 |a ABC  |c ABC  |d OCLCQ  |d VRC  |d MUQ  |d UQ1  |d CUD  |d TXA  |d UtOrBLW 
042 |a pcc 
049 |a TXAM 
050 1 4 |a QA76.758  |b .S656 Electronic 
082 0 0 |a 005.1/05  |2 20 
245 0 0 |a Software engineering journal. 
246 1 |a IEE software engineering journal 
264 1 |a [London] :  |b [Published by the Institution of Electrical Engineers for the British Computer Society and the Institution of Electrical Engineers],  |c [1986-1996] 
310 |a Bimonthly 
336 |a text  |b txt  |2 rdacontent 
337 |a computer  |b c  |2 rdamedia 
338 |a online resource  |b cr  |2 rdacarrier 
362 1 |a Print began with: Vol. 1, issue 1 (Jan. 1986); ceased with: Vol. 11, issue 6 (Nov. 1996). 
538 |a Mode of access: World Wide Web. 
550 |a Published for the British Computer Society and the IEE. 
588 |a Description based on: Vol. 1, no. 1 (Jan. 1986); title from PDF article running title (IEEE portal, viewed July 26, 2010). 
588 |a Last issue consulted: Vol. 11, issue 6 (Nov. 1996) (viewed July 26, 2010). 
500 |a Electronic resource. 
650 0 |a Software engineering  |v Periodicals. 
650 6 |a Génie logiciel  |v Périodiques. 
655 7 |a Ressource Internet (Descripteur de forme)  |2 rasuqam 
655 7 |a Périodique électronique (Descripteur de forme)  |2 rasuqam 
650 1 7 |a Génie logiciel.  |2 rasuqam 
710 2 |a Institution of Electrical Engineers. 
710 2 |a British Computer Society. 
776 0 8 |i Print version:  |t Sofware engineering journal  |x 0268-6961  |w (DLC) 89641826  |w (OCoLC)13295958 
780 0 0 |i Software & microsystems  |w (DLC) 2010263130  |w (OCoLC)469890524 
785 0 0 |t IEE proceedings. Software engineering  |w (DLC) 2009247515  |w (OCoLC)60637454 
994 |a C0  |b TXA 
949 |a updated  |b h  |c 2010/7/26  |e spoltoratski  |f 1:11:29 pm  |g CA 
999 |a MARS 
999 f f |s 7eb30935-1c71-3559-b953-77e7bdfedec8  |i a9e0482f-e969-3030-ae11-9662996a3729  |t 0 
952 f f |a Texas A&M University  |b College Station  |c Electronic Resources  |d Available Online  |t 0  |e TK7895.M5 S6  |g Electronic  |h Library of Congress classification 
998 f f |a TK7895.M5 S6  |t 0  |l Available Online